[Event "St Veit op 41st"]
[Site "St Veit"]
[Date "2022.07.12"]
[Round "5"]
[White "Windhager, Hannes"]
[Black "Ernst, Robert"]
[Result "1-0"]
[WhiteElo "2244"]
[BlackElo "2001"]
[PlyCount "211"]
[EventDate "2022.07.09"]
[EventType "swiss"]
[EventRounds "9"]
[EventCountry "AUT"]
[SourceTitle "CBM 209 Extra"]
[Source "ChessBase"]
[SourceDate "2022.09.30"]
[SourceVersion "1"]
[SourceVersionDate "2022.09.30"]
[SourceQuality "1"]

1. e4 c5 2. Nf3 e6 3. g3 Nc6 4. Bg2 Nf6 5. Qe2 d6 6. 0-0 Be7 7. c3 0-0 8. d4 Qc7 9. e5 Nd7 10. exd6 Bxd6 11. dxc5 Nxc5 12. Na3 Qe7 13. Nb5 Bb8 14. b4 Nd7 15. Be3 a6 16. Nbd4 Nxd4 17. Nxd4 Nf6 18. Nb3 Ba7 19. Rfd1 Bxe3 20. Qxe3 Qc7 21. Qc5 Qxc5 22. Nxc5 Rb8 23. Rd6 b6 24. Na4 Bd7 25. Nxb6 Bb5 26. a4 Ne8 27. axb5 Nxd6 28. bxa6 Rxb6 29. a7 f5 30. a8Q Rxa8 31. Rxa8+ Kf7 32. f4 Nb5 33. c4 Nd4 34. Rd8 Ne2+ 35. Kf2 Rxb4 36. Kxe2 Rxc4 37. Ke3 h6 38. Bf3 Ke7 39. Rd2 g5 40. Rd4 Rc2 41. Be2 Rb2 42. Ra4 Rb3+ 43. Kf2 Kf6 44. Ra7 Rb4 45. Ke3 Rb3+ 46. Kf2 Rb4 47. fxg5+ hxg5 48. h3 Kg6 49. Re7 Kf6 50. Rh7 Kg6 51. Rh8 Kg7 52. Rh5 Kg6 53. Rh8 Kg7 54. Rc8 f4 55. gxf4 Rxf4+ 56. Ke3 Ra4 57. Bg4 Kf6 58. Rc6 Ra3+ 59. Kd4 Ra4+ 60. Kc5 Re4 61. Kb6 Re5 62. Kc7 Ke7 63. Kc8 Re3 64. Rc5 Kf6 65. Kd7 Ra3 66. Rc6 Ra7+ 67. Kd6 Re7 68. Ra6 Re8 69. Kd7 Re7+ 70. Kd8 Kf7 71. Ra1 Re8+ 72. Kd7 Re7+ 73. Kd6 Rb7 74. Bxe6+ Kg6 75. Bg4 Rb6+ 76. Ke7 Rb7+ 77. Bd7 Rb3 78. Ra6+ Kg7 79. Bg4 Re3+ 80. Kd6 Kf6 81. Kd5+ Kg7 82. Bf5 Kf7 83. Rh6 Ra3 84. Ke4 Ra4+ 85. Ke3 Rf4 86. Bc8 Kg7 87. Rc6 Kf7 88. Bg4 Kg7 89. Bf3 Rf6 90. Rc5 Kg6 91. Kf2 Rf5 92. Rc8 Rf4 93. Kg3 Kf6 94. Bg4 Ra4 95. Rc6+ Kg7 96. Bf5 Ra5 97. Kg4 Ra1 98. Kxg5 Rg1+ 99. Bg4 Rb1 100. h4 Rg1 101. Rc7+ Kh8 102. h5 Rg2 103. Kf4 Rg1 104. h6 Rh1 105. Kg5 Rg1 106. Kh5 1-0

[Event "Donau op 30th"]
[Site "Aschach"]
[Date "2021.12.27"]
[Round "3"]
[White "Mazur, Stefan"]
[Black "Windhager, Hannes"]
[Result "1-0"]
[WhiteElo "2421"]
[BlackElo "2237"]
[PlyCount "135"]
[EventDate "2021.12.26"]
[EventType "swiss"]
[EventRounds "7"]
[EventCountry "AUT"]
[SourceTitle "EXT 2023"]
[Source "ChessBase"]
[SourceDate "2022.10.05"]
[SourceVersion "1"]
[SourceVersionDate "2022.10.05"]
[SourceQuality "1"]

1. e4 e5 2. Nf3 Nc6 3. Bb5 a6 4. Ba4 Nf6 5. 0-0 Be7 6. Re1 b5 7. Bb3 0-0 8. c3 d5 9. exd5 Nxd5 10. Nxe5 Nxe5 11. Rxe5 c6 12. d3 Bd6 13. Re1 Bf5 14. Qf3 Re8 15. Rxe8+ Qxe8 16. Nd2 Qe1+ 17. Nf1 Bg6 18. g3 b4 19. c4 Nf6 20. Qxc6 Rd8 21. Qb6 Rd7 22. Bc2 Bh5 23. Rb1 Qe6 24. Bf4 Bxf4 25. Qxe6 fxe6 26. gxf4 Be2 27. Re1 Bxd3 28. Bxd3 Rxd3 29. Rxe6 Nh5 30. Re4 b3 31. a3 Rd1 32. Re3 Rc1 33. Rxb3 Nxf4 34. f3 Rxc4 35. Kf2 Rc2+ 36. Ke3 Ng2+ 37. Ke4 Re2+ 38. Kd4 Rf2 39. Ng3 Nh4 40. Kc5 Nxf3 41. Ne4 Rc2+ 42. Rc3 Rxc3+ 43. bxc3 Nxh2 44. Kb6 Nf3 45. Kxa6 Kf7 46. a4 Ne5 47. a5 Ke6 48. Kb7 Kd7 49. a6 Nc6 50. a7 Nxa7 51. Kxa7 Kc6 52. Ka6 Kd5 53. Nd2 Kc5 54. Ka5 g5 55. Ka4 g4 56. Kb3 h5 57. Ne4+ Kc6 58. Kc4 h4 59. Kd4 g3 60. Ng5 g2 61. Nh3 Kd6 62. c4 Ke6 63. c5 Kf5 64. c6 Kg4 65. Ng1 Kg3 66. c7 Kh2 67. Nf3+ Kg3 68. Ke3 1-0

[Event "Donau op 28th"]
[Site "Aschach"]
[Date "2019.12.27"]
[Round "3"]
[White "Baumegger, Siegfried"]
[Black "Windhager, Hannes"]
[Result "1/2-1/2"]
[WhiteElo "2432"]
[BlackElo "2224"]
[PlyCount "175"]
[EventDate "2019.12.26"]
[EventType "swiss"]
[EventRounds "7"]
[EventCountry "AUT"]
[SourceTitle "CBM 194 Extra"]
[Source "ChessBase"]
[SourceDate "2020.03.31"]
[SourceVersion "1"]
[SourceVersionDate "2020.03.31"]
[SourceQuality "1"]

1. Nf3 Nf6 2. c4 g6 3. Nc3 Bg7 4. g3 0-0 5. Bg2 d6 6. 0-0 Nc6 7. d4 a6 8. Bf4 Bd7 9. Qd2 Re8 10. Rfd1 Rb8 11. Rac1 b5 12. cxb5 axb5 13. d5 Na5 14. Nd4 b4 15. Nb1 e5 16. dxe6 fxe6 17. Bg5 Qc8 18. e4 Ng4 19. h3 Ne5 20. b3 Qb7 21. Be3 Rf8 22. f4 Nec6 23. e5 d5 24. Nxc6 Bxc6 25. Rc5 Ra8 26. Rdc1 Rf7 27. Qc2 Bb5 28. Rxc7 Rxc7 29. Qxc7 Qa6 30. Nd2 Nc6 31. Nf3 h6 32. Rc2 Bf8 33. Qb6 Qxb6 34. Bxb6 Ra6 35. Bc5 Bd3 36. Rc1 Be4 37. Bf2 d4 38. Nxd4 Nxd4 39. Bxd4 Bxg2 40. Kxg2 Rxa2+ 41. Kf3 Rd2 42. Ke4 Rg2 43. Rg1 Ra2 44. g4 Re2+ 45. Kd3 Rh2 46. Rg3 Kf7 47. Ke4 Re2+ 48. Re3 Rd2 49. Rf3 Be7 50. Bb6 Re2+ 51. Re3 Rf2 52. Rf3 Re2+ 53. Kd4 Rd2+ 54. Kc4 Rc2+ 55. Kd3 Rb2 56. Ke4 Re2+ 57. Re3 Rf2 58. Rd3 Re2+ 59. Kf3 Rh2 60. Kg3 Rc2 61. Be3 Re2 62. Bd4 Rc2 63. Kf3 Rh2 64. Ke4 Re2+ 65. Be3 Rh2 66. Ba7 Re2+ 67. Re3 Rf2 68. Bb6 Ke8 69. Rf3 Re2+ 70. Kd4 Rd2+ 71. Kc4 Rc2+ 72. Kb5 Kf7 73. Ba5 Rc8 74. Rd3 Ke8 75. Bb6 Rc1 76. Be3 Rc8 77. Bd2 g5 78. fxg5 hxg5 79. Re3 Rc5+ 80. Ka4 Rd5 81. Be1 Rd4 82. Kb5 Kd7 83. Re2 Ke8 84. Ka4 Kf7 85. Re3 Ke8 86. Kb5 Kd7 87. Re2 Ke8 88. Re3 1/2-1/2

[Event "AUT-chT 1819"]
[Site "Austria"]
[Date "2019.03.31"]
[Round "9.6"]
[White "Windhager, Hannes"]
[Black "Peyrer, Konstantin"]
[Result "1-0"]
[WhiteElo "2216"]
[BlackElo "2199"]
[PlyCount "47"]
[EventDate "2018.11.15"]
[EventType "team-tourn"]
[EventRounds "11"]
[EventCountry "AUT"]
[SourceTitle "CBM 189 Extra"]
[Source "ChessBase"]
[SourceDate "2019.06.03"]
[SourceVersion "1"]
[SourceVersionDate "2019.06.03"]
[SourceQuality "1"]
[WhiteTeam "Ansfelden"]
[BlackTeam "Wien Ottakring"]
[WhiteTeamCountry "AUT"]
[BlackTeamCountry "AUT"]

1. e4 c5 2. Nf3 d6 3. d4 cxd4 4. Nxd4 Nf6 5. Nc3 a6 6. Bc4 e6 7. 0-0 Be7 8. Bb3 0-0 9. f4 Nc6 10. Be3 Na5 11. e5 dxe5 12. fxe5 Nd7 13. Qh5 Nxb3 14. axb3 Qc7 15. Bf4 g6 16. Qe2 b6 17. Rad1 Bb7 18. Bg3 Rad8 19. Ne4 Bxe4 20. Qxe4 Nc5 21. Qf3 Rd7 22. c3 Bg5 23. b4 Na4 24. Nxe6 1-0

[Event "AUT-ch"]
[Site "St Johann im Pongau"]
[Date "2016.07.25"]
[Round "3"]
[White "Windhager, Hannes"]
[Black "Sandhoefner, Florian"]
[Result "1/2-1/2"]
[WhiteElo "2180"]
[BlackElo "2251"]
[PlyCount "125"]
[EventDate "2016.07.23"]
[EventType "swiss"]
[EventRounds "9"]
[EventCountry "AUT"]
[SourceTitle "CBM 173 Extra"]
[Source "ChessBase"]
[SourceDate "2016.08.29"]
[SourceVersion "1"]
[SourceVersionDate "2016.08.29"]
[SourceQuality "1"]

1. e4 c5 2. Nf3 d6 3. d4 cxd4 4. Nxd4 Nf6 5. Nc3 a6 6. Bc4 e6 7. 0-0 Nc6 8. Be3 Be7 9. Bb3 0-0 10. f4 Nxd4 11. Bxd4 b5 12. e5 dxe5 13. fxe5 Nd7 14. Ne4 Bb7 15. Nd6 Bxd6 16. exd6 Qg5 17. Qe2 Bd5 18. Rfd1 Bxb3 19. axb3 Rfc8 20. Qf3 Qd5 21. Qxd5 exd5 22. Bc3 b4 23. Bxb4 Rxc2 24. Bc3 Nf6 25. Bxf6 gxf6 26. d7 Rd8 27. Rxd5 Rxb2 28. Rd3 Kf8 29. Rxa6 Ke7 30. Ra7 f5 31. h3 f4 32. Rf3 Rxd7 33. Rxd7+ Kxd7 34. Rxf4 Ke6 35. Rh4 Rxb3 36. Rxh7 Kf6 37. Rh4 Kg7 38. Rg4+ Kh7 39. Kf2 Kh6 40. Rg3 Rb4 41. Kf3 Ra4 42. Rg4 Ra5 43. Kf4 f6 44. Rg3 Rb5 45. Rc3 Kg6 46. g4 Rb4+ 47. Kg3 Rb1 48. Rf3 Rb4 49. h4 Rb5 50. Rc3 Ra5 51. Rc4 Ra1 52. h5+ Kg7 53. Rc7+ Kh6 54. Rc4 Rb1 55. Rf4 Kg7 56. Rf3 Rb4 57. Kh4 Ra4 58. Rf5 Ra1 59. Rb5 Rc1 60. Rb7+ Kh6 61. Rf7 Rh1+ 62. Kg3 Rf1 63. Kg2 1/2-1/2

[Event "AUT-ch"]
[Site "St Johann im Pongau"]
[Date "2016.07.24"]
[Round "2"]
[White "Halvax, Georg"]
[Black "Windhager, Hannes"]
[Result "1/2-1/2"]
[WhiteElo "2360"]
[BlackElo "2180"]
[PlyCount "60"]
[EventDate "2016.07.23"]
[EventType "swiss"]
[EventRounds "9"]
[EventCountry "AUT"]
[SourceTitle "CBM 173 Extra"]
[Source "ChessBase"]
[SourceDate "2016.08.29"]
[SourceVersion "1"]
[SourceVersionDate "2016.08.29"]
[SourceQuality "1"]

1. e4 c5 2. Nc3 Nc6 3. f4 g6 4. Nf3 Bg7 5. Bb5 Nd4 6. Bc4 a6 7. a4 e6 8. e5 d5 9. exd6 Qxd6 10. d3 Nf6 11. 0-0 0-0 12. Kh1 b6 13. Ne4 Nxe4 14. dxe4 Qc6 15. Nxd4 cxd4 16. Bd3 Bb7 17. Qe2 f5 18. Re1 fxe4 19. Bxe4 Qxe4 20. Qxe4 Bxe4 21. Rxe4 Rac8 22. c3 dxc3 23. bxc3 Rxc3 24. Rb1 Rfc8 25. Be3 R8c4 26. Rxc4 Rxc4 27. Rxb6 Rxa4 28. g3 Kf7 29. Rb7+ Kg8 30. Rb8+ Kf7 1/2-1/2

[Event "St Veit op-A 35th"]
[Site "St Veit"]
[Date "2016.07.10"]
[Round "3"]
[White "Ivanov, Mikhail M"]
[Black "Windhager, Hannes"]
[Result "1-0"]
[WhiteElo "2400"]
[BlackElo "2180"]
[PlyCount "65"]
[EventDate "2016.07.09"]
[EventType "swiss"]
[EventRounds "9"]
[EventCountry "AUT"]
[SourceTitle "EXT 2017"]
[Source "ChessBase"]
[SourceDate "2016.10.25"]
[SourceVersion "1"]
[SourceVersionDate "2016.10.25"]
[SourceQuality "1"]

1. d4 Nf6 2. Nf3 g6 3. Nbd2 d5 4. e3 Bg7 5. c4 c6 6. b4 dxc4 7. Bxc4 0-0 8. Bb2 Nbd7 9. 0-0 Nb6 10. Be2 a5 11. b5 Bd7 12. a4 cxb5 13. axb5 Nbd5 14. Ne5 Be6 15. Nd3 Nb4 16. Nc5 Qb6 17. e4 Rfd8 18. Na4 Qa7 19. d5 Bd7 20. Qb3 Be8 21. Bc3 Rac8 22. Rad1 Nd7 23. Bxg7 Kxg7 24. Qb2+ Kg8 25. Rc1 Qb8 26. Nb3 Ne5 27. Qd2 b6 28. f4 Nd7 29. Qe3 Rxc1 30. Rxc1 Rc8 31. Rxc8 Qxc8 32. Nd4 Nc2 33. Qc1 1-0

[Event "AUT-chT2M 1516"]
[Site "Austria"]
[Date "2016.04.16"]
[Round "10.4"]
[White "Richterova, Natasa"]
[Black "Windhager, Hannes"]
[Result "1/2-1/2"]
[WhiteElo "2165"]
[BlackElo "2159"]
[PlyCount "41"]
[EventDate "2015.10.02"]
[EventType "team-tourn"]
[EventRounds "11"]
[EventCountry "AUT"]
[SourceTitle "EXT 2017"]
[Source "ChessBase"]
[SourceDate "2016.10.25"]
[SourceVersion "1"]
[SourceVersionDate "2016.10.25"]
[SourceQuality "1"]
[WhiteTeam "Steyregg"]
[BlackTeam "Hartkirchen Union"]
[WhiteTeamCountry "AUT"]
[BlackTeamCountry "AUT"]

1. d4 Nf6 2. c4 g6 3. Nc3 Bg7 4. e4 d6 5. Be2 0-0 6. Nf3 e5 7. 0-0 Nc6 8. dxe5 dxe5 9. Qxd8 Rxd8 10. Bg5 Nd4 11. Nxd4 Rxd4 12. Be3 Rd7 13. Rad1 c6 14. f3 Rxd1 15. Rxd1 Be6 16. b3 Bf8 17. Na4 b6 18. g3 Nd7 19. f4 exf4 20. gxf4 Ne5 21. fxe5 1/2-1/2

[Event "AUT-chT2M 1516"]
[Site "Austria"]
[Date "2016.02.27"]
[Round "7.4"]
[White "Halvax, Georg"]
[Black "Windhager, Hannes"]
[Result "1/2-1/2"]
[WhiteElo "2287"]
[BlackElo "2159"]
[PlyCount "58"]
[EventDate "2015.10.02"]
[EventType "team-tourn"]
[EventRounds "11"]
[EventCountry "AUT"]
[SourceTitle "EXT 2017"]
[Source "ChessBase"]
[SourceDate "2016.10.25"]
[SourceVersion "1"]
[SourceVersionDate "2016.10.25"]
[SourceQuality "1"]
[WhiteTeam "Maria Saal II"]
[BlackTeam "Hartkirchen Union"]
[WhiteTeamCountry "AUT"]
[BlackTeamCountry "AUT"]

1. e4 c5 2. Nf3 d6 3. d4 cxd4 4. Nxd4 Nf6 5. Nc3 g6 6. Be3 Bg7 7. f3 0-0 8. Qd2 Nc6 9. Bc4 Bd7 10. Bb3 Rc8 11. 0-0-0 Nxd4 12. Bxd4 b5 13. h4 a5 14. h5 a4 15. Bxf6 exf6 16. h6 Bh8 17. Qxd6 axb3 18. Qxd7 Qa5 19. Qd5 f5 20. Qxb3 Bxc3 21. bxc3 Rxc3 22. Qd5 Rfc8 23. exf5 Rxc2+ 24. Kb1 Rb2+ 25. Kxb2 Qc3+ 26. Kb1 Qc2+ 27. Ka1 Qc3+ 28. Kb1 Qc2+ 29. Ka1 Qc3+ 1/2-1/2

[Event "AUT-chT2M 1516"]
[Site "Austria"]
[Date "2016.02.26"]
[Round "6.1"]
[White "Windhager, Hannes"]
[Black "Lautner, Josef"]
[Result "1/2-1/2"]
[WhiteElo "2159"]
[BlackElo "2230"]
[PlyCount "139"]
[EventDate "2015.10.02"]
[EventType "team-tourn"]
[EventRounds "11"]
[EventCountry "AUT"]
[SourceTitle "EXT 2017"]
[Source "ChessBase"]
[SourceDate "2016.10.25"]
[SourceVersion "1"]
[SourceVersionDate "2016.10.25"]
[SourceQuality "1"]
[WhiteTeam "Hartkirchen Union"]
[BlackTeam "Sauwald II"]
[WhiteTeamCountry "AUT"]
[BlackTeamCountry "AUT"]

1. e4 Nf6 2. e5 Nd5 3. d4 d6 4. c4 Nb6 5. f4 dxe5 6. fxe5 Nc6 7. Be3 Bf5 8. Nc3 e6 9. Nf3 Qd7 10. Be2 Rd8 11. 0-0 Be7 12. Qd2 0-0 13. Rad1 f6 14. exf6 Bxf6 15. Qe1 Qe7 16. b3 Rd7 17. h3 Qd8 18. d5 Bxc3 19. Qxc3 exd5 20. Bxb6 axb6 21. cxd5 Ne7 22. Bc4 Rd6 23. Nd4 Bd7 24. Rxf8+ Qxf8 25. Rf1 Qe8 26. Ne6 Bxe6 27. dxe6 Qh5 28. Qe3 Rd8 29. Qf4 Qc5+ 30. Kh1 h6 31. a4 Kh8 32. Qg4 Qe5 33. Qh4 Qg5 34. Qxg5 hxg5 35. Rf7 Re8 36. Kh2 Kh7 37. Rf3 Nc6 38. Rf7 Ne7 39. Kg3 Kh6 40. Kg4 Kg6 41. Bd3+ Kh6 42. Bb5 c6 43. Bc4 g6 44. Kf3 Nf5 45. Rxb7 b5 46. axb5 cxb5 47. Bd5 Nd4+ 48. Kg3 Nxe6 49. Bxe6 Rxe6 50. Rxb5 Kg7 51. Kg4 Kf6 52. b4 Re4+ 53. Kf3 Re6 54. Rb8 Rc6 55. b5 Rc3+ 56. Kf2 Rc2+ 57. Kg3 Rc3+ 58. Kh2 g4 59. Rb6+ Kg5 60. hxg4 Rb3 61. g3 Rb4 62. Kh3 Rb3 63. Rb8 Rb4 64. b6 Rxg4 65. Rc8 Rb4 66. Rc6 Kf5 67. Kg2 Rb3 68. Kf2 g5 69. Kg2 Rb2+ 70. Kf3 1/2-1/2

[Event "AUT-chT2M 1516"]
[Site "Austria"]
[Date "2015.11.14"]
[Round "4.2"]
[White "Sandhoefner, Florian"]
[Black "Windhager, Hannes"]
[Result "1/2-1/2"]
[WhiteElo "2250"]
[BlackElo "2159"]
[PlyCount "60"]
[EventDate "2015.10.02"]
[EventType "team-tourn"]
[EventRounds "11"]
[EventCountry "AUT"]
[SourceTitle "EXT 2017"]
[Source "ChessBase"]
[SourceDate "2016.10.25"]
[SourceVersion "1"]
[SourceVersionDate "2016.10.25"]
[SourceQuality "1"]
[WhiteTeam "St Valentin"]
[BlackTeam "Hartkirchen Union"]
[WhiteTeamCountry "AUT"]
[BlackTeamCountry "AUT"]

1. e4 c5 2. Nf3 d6 3. d4 cxd4 4. Nxd4 Nf6 5. Nc3 g6 6. Be3 Bg7 7. Be2 0-0 8. 0-0 Nc6 9. Qd2 Ng4 10. Bxg4 Bxg4 11. Nd5 Rc8 12. c4 Be6 13. Rac1 Bxd5 14. cxd5 Nxd4 15. Bxd4 Bxd4 16. Qxd4 Qa5 17. a3 a6 18. f3 Qb5 19. b4 Qd7 20. Qd2 Rxc1 21. Rxc1 Rc8 22. Rc3 Rxc3 23. Qxc3 f6 24. Kf2 Kf7 25. Qc2 Qd8 26. Kg3 Qb6 27. Qc3 Qd8 28. h4 Qd7 29. Kh2 Qd8 30. Kg3 Qd7 1/2-1/2

[Event "AUT-ch U16"]
[Site "St Veit"]
[Date "2015.04.01"]
[Round "6.9"]
[White "Windhager, Hannes"]
[Black "Wu, Jiong"]
[Result "1/2-1/2"]
[WhiteElo "2190"]
[BlackElo "1909"]
[PlyCount "113"]
[EventDate "2015.03.29"]
[EventType "swiss"]
[EventRounds "7"]
[EventCountry "AUT"]
[SourceTitle "EXT 2024"]
[Source "ChessBase"]
[SourceDate "2023.10.10"]
[SourceVersion "1"]
[SourceVersionDate "2023.10.10"]
[SourceQuality "1"]

1. e4 e5 2. Bc4 Nf6 3. d3 c6 4. Nf3 d5 5. Bb3 Bb4+ 6. c3 Bd6 7. Bg5 Be6 8. Nbd2 0-0 9. 0-0 h6 10. Bh4 Nbd7 11. Re1 Re8 12. Bc2 Bg4 13. h3 Bh5 14. g4 Bg6 15. Bg3 Qc7 16. Nh4 Bh7 17. Qf3 dxe4 18. dxe4 Bc5 19. Nc4 Rad8 20. Nf5 Bxf5 21. Qxf5 b5 22. Ne3 g6 23. Qf3 Kg7 24. Bh4 Be7 25. Bg3 Nc5 26. Rad1 Rxd1 27. Rxd1 Rd8 28. Rxd8 Bxd8 29. Kh2 Qd6 30. b4 Ne6 31. Qd1 Bc7 32. Qxd6 Bxd6 33. f3 Nf4 34. Ng2 Nxg2 35. Kxg2 Nd7 36. Bb3 Kf8 37. Kf2 Ke7 38. Ke2 Nb6 39. Bf2 f6 40. h4 g5 41. h5 Bc7 42. Kd3 a6 43. Bc5+ Ke8 44. Be6 Na4 45. Be3 Nb6 46. Bb3 Nd7 47. c4 Bd6 48. a3 Kd8 49. cxb5 cxb5 50. Kc3 Kc7 51. a4 Be7 52. a5 Bd6 53. Bd5 Be7 54. Kb3 Bd6 55. Be6 Be7 56. Bd5 Bd6 57. Bf7 1/2-1/2

[Event "AUT-ch U16"]
[Site "St Veit"]
[Date "2015.03.30"]
[Round "3.7"]
[White "Frank, Jeremias"]
[Black "Windhager, Hannes"]
[Result "0-1"]
[WhiteElo "1911"]
[BlackElo "2190"]
[PlyCount "112"]
[EventDate "2015.03.29"]
[EventType "swiss"]
[EventRounds "7"]
[EventCountry "AUT"]
[SourceTitle "EXT 2024"]
[Source "ChessBase"]
[SourceDate "2023.10.10"]
[SourceVersion "1"]
[SourceVersionDate "2023.10.10"]
[SourceQuality "1"]

1. e4 c5 2. Nf3 d6 3. d4 cxd4 4. Nxd4 Nf6 5. Nc3 g6 6. Be3 Bg7 7. f3 0-0 8. Qd2 Nc6 9. 0-0-0 d5 10. Kb1 Qd7 11. Nxc6 bxc6 12. exd5 Rb8 13. Bc4 Nxd5 14. Nxd5 cxd5 15. Bb3 Rd8 16. Rhe1 e6 17. Bd4 Bxd4 18. Qxd4 a5 19. h4 Rb4 20. Qc5 Rxh4 21. Qxa5 Bb7 22. Rh1 Rxh1 23. Rxh1 Bc6 24. Qd2 Re8 25. Qh6 f6 26. Qf4 Qe7 27. Rd1 Kg7 28. Rh1 h5 29. g4 g5 30. Qe3 hxg4 31. fxg4 d4 32. Qh3 Bxh1 33. Qxh1 Qd6 34. Qe4 Re7 35. a4 Qf4 36. Qe2 Qe3 37. Qc4 Qg1+ 38. Ka2 Qxg4 39. c3 Qe4 40. cxd4 g4 41. Qc5 Rd7 42. a5 Qxd4 43. Qxd4 Rxd4 44. a6 Rd6 45. Bc4 g3 46. a7 Rd8 47. Bf1 Ra8 48. b4 Rxa7+ 49. Kb3 Kg6 50. b5 Kg5 51. Kb4 Kf4 52. Bg2 Ra1 53. b6 Rb1+ 54. Kc5 e5 55. b7 Rxb7 56. Bxb7 e4 0-1

[Event "AUT-chT2M 1415"]
[Site "Austria"]
[Date "2015.02.27"]
[Round "6.4"]
[White "Manhardt, Thomas"]
[Black "Windhager, Hannes"]
[Result "0-1"]
[WhiteElo "2266"]
[BlackElo "2199"]
[PlyCount "64"]
[EventDate "2014.10.03"]
[EventType "team-tourn"]
[EventRounds "11"]
[EventCountry "AUT"]
[SourceTitle "EXT 2016"]
[Source "ChessBase"]
[SourceDate "2015.10.08"]
[SourceVersion "1"]
[SourceVersionDate "2015.10.08"]
[SourceQuality "1"]
[WhiteTeam "Graz Styria"]
[BlackTeam "Hartkirchen"]
[WhiteTeamCountry "AUT"]
[BlackTeamCountry "AUT"]

1. e4 c5 2. Nf3 d6 3. c3 Nf6 4. h3 Nc6 5. Bd3 g5 6. Qb3 Rg8 7. Bc4 e6 8. d4 g4 9. hxg4 Rxg4 10. Bg5 cxd4 11. Nbd2 Be7 12. Bxf6 Bxf6 13. cxd4 Bd7 14. Rxh7 Qa5 15. Kf1 Bxd4 16. Nxd4 Nxd4 17. Qd3 Qe5 18. g3 Ke7 19. f4 Qf6 20. e5 dxe5 21. Ne4 Rxf4+ 22. gxf4 Qxf4+ 23. Nf2 Rg8 24. Qa3+ Kf6 25. Qh3 Nf5 26. Qd3 Bc6 27. Ke2 Nd4+ 28. Kf1 Rg3 29. Rh6+ Kg5 30. Qh7 Bg2+ 31. Kg1 Bh3+ 32. Kh1 Qf3+ 0-1

[Event "AUT-chT2M 1415"]
[Site "Austria"]
[Date "2014.11.16"]
[Round "5.2"]
[White "Windhager, Hannes"]
[Black "Hiermann, Dietmar"]
[Result "1/2-1/2"]
[WhiteElo "2199"]
[BlackElo "2297"]
[PlyCount "81"]
[EventDate "2014.10.03"]
[EventType "team-tourn"]
[EventRounds "11"]
[EventCountry "AUT"]
[SourceTitle "CBM 163 Extra"]
[Source "ChessBase"]
[SourceDate "2014.12.23"]
[SourceVersion "1"]
[SourceVersionDate "2014.12.23"]
[SourceQuality "1"]
[WhiteTeam "Hartkirchen"]
[BlackTeam "Sauwald"]
[WhiteTeamCountry "AUT"]
[BlackTeamCountry "AUT"]

1. e4 e5 2. Bc4 Nf6 3. d3 Nc6 4. Nf3 Bc5 5. c3 a6 6. Bb3 d6 7. 0-0 Ba7 8. Nbd2 0-0 9. h3 h6 10. Re1 Be6 11. Nf1 Qd7 12. Be3 Rfe8 13. Bxa7 Rxa7 14. Ne3 Ne7 15. Nh2 Raa8 16. Nhg4 Nxg4 17. hxg4 Rad8 18. d4 exd4 19. cxd4 Bxb3 20. Qxb3 c5 21. dxc5 dxc5 22. Red1 Qc6 23. f3 b5 24. Rac1 c4 25. Qc3 Qb6 26. Kh1 Rxd1+ 27. Rxd1 Rd8 28. Nd5 Nxd5 29. Rxd5 Rc8 30. a3 Rc6 31. Qd2 a5 32. Rd8+ Kh7 33. Qd4 Rc5 34. Qd7 b4 35. axb4 axb4 36. Rf8 c3 37. Qxf7 c2 38. Qg8+ Kg6 39. Qf7+ Kh7 40. Qg8+ Kg6 41. Qf7+ 1/2-1/2

[Event "AUT-chT2M 1415"]
[Site "Austria"]
[Date "2014.10.04"]
[Round "2.1"]
[White "Weiss, Christian"]
[Black "Windhager, Hannes"]
[Result "1-0"]
[WhiteElo "2383"]
[BlackElo "2199"]
[PlyCount "83"]
[EventDate "2014.10.03"]
[EventType "team-tourn"]
[EventRounds "11"]
[EventCountry "AUT"]
[SourceTitle "EXT 2015"]
[Source "ChessBase"]
[SourceDate "2014.11.20"]
[SourceVersion "1"]
[SourceVersionDate "2014.11.20"]
[SourceQuality "1"]
[WhiteTeam "Ansfelden"]
[BlackTeam "Hartkirchen"]
[WhiteTeamCountry "AUT"]
[BlackTeamCountry "AUT"]

1. d4 Nf6 2. g3 g6 3. Bg2 d5 4. Nf3 Bg7 5. c4 c6 6. cxd5 cxd5 7. Nc3 0-0 8. Ne5 e6 9. 0-0 Nbd7 10. Nd3 Nb6 11. e3 a5 12. b3 Bd7 13. a4 Bc6 14. Bd2 Nfd7 15. Rc1 Re8 16. Re1 Qe7 17. Rc2 Qd6 18. Qb1 f6 19. Ne2 e5 20. Rec1 e4 21. Nc5 Qe7 22. Nf4 Qf7 23. Bf1 Bf8 24. Nxd7 Qxd7 25. Be2 Bd6 26. Re1 Qd8 27. Qc1 Bd7 28. Rc5 Bxc5 29. dxc5 Nc8 30. Bc3 Bc6 31. Rd1 Qe7 32. Nxd5 Bxd5 33. Rxd5 Rd8 34. Qd1 Rxd5 35. Qxd5+ Kg7 36. g4 h6 37. h4 Kh7 38. Bxf6 Qxf6 39. Qxb7+ Qe7 40. Qxa8 Qxc5 41. Qxe4 Ne7 42. Bc4 1-0

[Event "AUT-ch"]
[Site "Feistritz an der Drau"]
[Date "2014.08.31"]
[Round "9"]
[White "Windhager, Hannes"]
[Black "Stagl, Marco"]
[Result "1-0"]
[WhiteElo "2148"]
[BlackElo "2132"]
[PlyCount "29"]
[EventDate "2014.08.24"]
[EventType "swiss"]
[EventRounds "9"]
[EventCountry "AUT"]
[SourceTitle "CBM 162 Extra"]
[Source "ChessBase"]
[SourceDate "2014.10.17"]
[SourceVersion "1"]
[SourceVersionDate "2014.10.17"]
[SourceQuality "1"]

1. e4 d5 2. exd5 Qxd5 3. Nc3 Qa5 4. d4 Nf6 5. Bc4 Bg4 6. f3 Bh5 7. Nge2 Nc6 8. a3 0-0-0 9. Be3 Nxd4 10. Bxd4 c5 11. b4 cxb4 12. axb4 Qxb4 13. Ra4 Qd6 14. Rxa7 Kb8 15. Qa1 1-0

[Event "AUT-ch"]
[Site "Feistritz an der Drau"]
[Date "2014.08.27"]
[Round "5"]
[White "Windhager, Hannes"]
[Black "Hartl, Daniel"]
[Result "1/2-1/2"]
[WhiteElo "2148"]
[BlackElo "2290"]
[PlyCount "62"]
[EventDate "2014.08.24"]
[EventType "swiss"]
[EventRounds "9"]
[EventCountry "AUT"]
[SourceTitle "CBM 162 Extra"]
[Source "ChessBase"]
[SourceDate "2014.10.17"]
[SourceVersion "1"]
[SourceVersionDate "2014.10.17"]
[SourceQuality "1"]

1. e4 e5 2. Bc4 Nf6 3. d3 Nc6 4. Nf3 Be7 5. 0-0 0-0 6. Re1 d6 7. a4 h6 8. c3 Nh7 9. Nbd2 Kh8 10. Nf1 f5 11. exf5 Bxf5 12. h3 Ng5 13. Nxg5 Bxg5 14. Ng3 Bh7 15. Bd5 Qf6 16. Bf3 Bh4 17. Kh2 Ne7 18. Qe2 Rab8 19. Be3 b6 20. Be4 Bg8 21. Nh5 Qe6 22. g3 Bf6 23. Nxf6 Rxf6 24. f4 Nf5 25. fxe5 Qxe5 26. Bf4 Qc5 27. d4 Qc4 28. Qxc4 Bxc4 29. Kg2 Rbf8 30. Bxf5 Rxf5 31. Re7 g5 1/2-1/2

[Event "AUT-ch"]
[Site "Feistritz an der Drau"]
[Date "2014.08.26"]
[Round "4"]
[White "Genser, Harald"]
[Black "Windhager, Hannes"]
[Result "1/2-1/2"]
[WhiteElo "2294"]
[BlackElo "2148"]
[PlyCount "82"]
[EventDate "2014.08.24"]
[EventType "swiss"]
[EventRounds "9"]
[EventCountry "AUT"]
[SourceTitle "CBM 162 Extra"]
[Source "ChessBase"]
[SourceDate "2014.10.17"]
[SourceVersion "1"]
[SourceVersionDate "2014.10.17"]
[SourceQuality "1"]

1. d4 Nf6 2. c4 g6 3. Nc3 Bg7 4. e4 d6 5. Nf3 0-0 6. Be2 e5 7. 0-0 Nc6 8. d5 Ne7 9. Ne1 Nd7 10. Be3 f5 11. f3 f4 12. Bf2 g5 13. Rc1 Ng6 14. Nb5 b6 15. b4 Nf6 16. c5 Rf7 17. cxd6 cxd6 18. Qc2 Ne8 19. a4 Bd7 20. Nc3 h5 21. Bb5 Bxb5 22. Nxb5 g4 23. Kh1 g3 24. Bg1 gxh2 25. Bxh2 Bf6 26. Nd3 Rg7 27. Nf2 Bh4 28. Nh3 Nf8 29. Nc3 Nh7 30. Ne2 Ng5 31. Neg1 Nxh3 32. Nxh3 Nf6 33. Qe2 Nh7 34. Rc6 Ng5 35. Nxg5 Qxg5 36. Rfc1 Bg3 37. Qf1 Qh4 38. Qg1 Bf2 39. Qf1 Bg3 40. Qg1 Bf2 41. Qf1 Bg3 1/2-1/2